[Event "Women's Speed Chess Q3"]
[Site "chess.com INT"]
[Date "2021.05.30"]
[Round "19"]
[White "Shuvalova, Polina"]
[Black "Sviridova, Vlada"]
[Result "1/2-1/2"]
[WhiteTitle "IM"]
[BlackTitle "WFM"]
[WhiteElo "2484"]
[BlackElo "2144"]
[WhiteFideId "24171760"]
[BlackFideId "24109606"]
[EventDate "2021.05.30"]

1. e4 e6 2. d4 d5 3. Nc3 Bb4 4. e5 c5 5. a3 Bxc3+ 6. bxc3 Ne7 7. a4 b6 8. Nf3
Ba6 9. Bxa6 Nxa6 10. O-O Nb8 11. Ba3 Nd7 12. h3 O-O 13. Re1 h6 14. Nh2 Qc7 15.
Ng4 Rac8 16. Re3 Kh7 17. Rf3 Ng6 18. Qd3 c4 19. Qd2 f5 20. exf6 Nxf6 21. Bxf8
Ne4 22. Qe3 Nxf8 23. Ne5 Ng6 24. Nxg6 Kxg6 25. Rf4 Kh7 26. f3 Nf6 27. Qxe6 Qxf4
28. Qxc8 Qe3+ 29. Kh1 Qxc3 30. Qf5+ Kg8 31. Rd1 Qb2 32. Re1 Kf7 33. Re6 Qxd4 34.
Rc6 Qd1+ 35. Kh2 Qd4 36. Rc7+ Kg8 37. Rc8+ Kf7 38. Rc7+ Kg8 39. Qe6+ Kh7 40.
Qf5+ Kg8 1/2-1/2

[Event "Women's Speed Chess Q3"]
[Site "chess.com INT"]
[Date "2021.05.30"]
[Round "19"]
[White "Linares Napoles, Oleiny"]
[Black "Purtseladze, Maka"]
[Result "0-1"]
[WhiteTitle "WGM"]
[BlackTitle "IM"]
[WhiteElo "2255"]
[BlackElo "2274"]
[WhiteFideId "3504794"]
[BlackFideId "13602659"]
[EventDate "2021.05.30"]

1. d4 d5 2. Bf4 c6 3. e3 Qb6 4. b3 Bf5 5. Nf3 e6 6. Be2 Bb4+ 7. c3 Bxb1 8. cxb4
Qxb4+ 9. Nd2 Bg6 10. O-O Nf6 11. Rc1 O-O 12. Nf3 Nbd7 13. h3 a5 14. Ne5 Nxe5 15.
dxe5 Ne4 16. Bd3 Nc3 17. Qd2 Bxd3 18. Qxd3 Ne4 19. Rfd1 Nc5 20. Qc2 Nd7 21. f3
c5 22. Bg3 a4 23. Be1 Qb5 24. Bc3 axb3 25. axb3 Ra3 26. Rb1 Rfa8 27. Rb2 Nb6 28.
Qf2 Qc6 29. Qg3 c4 30. Bd4 Rxb3 31. Rf2 Nd7 32. f4 Nf8 33. f5 exf5 34. Rxf5 Ne6
35. Rdf1 Nxd4 36. Rxf7 Ne2+ 37. Kh2 Nxg3 38. Kxg3 Qe6 39. Rxb7 Qxe5+ 40. Kf3
Rxe3+ 41. Kf2 Rf8+ 42. Kg1 Rxf1+ 43. Kxf1 Qf4+ 44. Kg1 Re1# 0-1

[Event "Women's Speed Chess Q3"]
[Site "chess.com INT"]
[Date "2021.05.30"]
[Round "19"]
[White "Pham, Le Thao Nguyen"]
[Black "Voit, Daria"]
[Result "1-0"]
[WhiteTitle "IM"]
[BlackTitle "WGM"]
[WhiteElo "2369"]
[BlackElo "2360"]
[WhiteFideId "12401226"]
[BlackFideId "4182146"]
[EventDate "2021.05.30"]

1. d4 Nf6 2. Nf3 e6 3. Bf4 c5 4. e3 Nc6 5. c3 d5 6. Nbd2 Bd6 7. Bg3 O-O 8. Bd3
b6 9. e4 Be7 10. e5 Nh5 11. a3 a5 12. Qe2 Bb7 13. h4 Nxg3 14. fxg3 h6 15. O-O
Qc8 16. g4 Ba6 17. g5 Bxd3 18. Qxd3 Qa6 19. Qe3 h5 20. Nh2 cxd4 21. cxd4 Qb5 22.
Rab1 a4 23. Rf4 Na5 24. Qf3 g6 25. g4 hxg4 26. Nxg4 Kg7 27. Nh6 Qe8 28. Rf1 Ra7
29. Qg4 Bd8 30. h5 Rh8 31. Rxf7+ 1-0

[Event "Women's Speed Chess Q3"]
[Site "chess.com INT"]
[Date "2021.05.30"]
[Round "19"]
[White "Eswaran, Aksithi"]
[Black "Ribeiro, Regina"]
[Result "1-0"]
[WhiteTitle "WCM"]
[BlackTitle "WIM"]
[WhiteElo "1745"]
[BlackElo "1920"]
[WhiteFideId "2083485"]
[BlackFideId "2100681"]
[EventDate "2021.05.30"]

1. e4 c6 2. d4 d5 3. exd5 cxd5 4. Bd3 Nc6 5. c3 Nf6 6. Bf4 g6 7. Nf3 Bf5 8. Bxf5
gxf5 9. Qd3 e6 10. O-O Be7 11. Nbd2 O-O 12. Ne5 Nxe5 13. Bxe5 Kh8 14. Nf3 Rg8
15. Qd2 Rg4 16. Qh6 Rg6 17. Qe3 Qg8 18. g3 Rg4 19. Kh1 Qg6 20. Nh4 Qh5 21. Rae1
Kg8 22. f3 Rg7 23. Qf2 h6 24. Bf4 Rg6 25. Nxf5 Qxf5 26. Be5 Kh7 27. g4 Rc8 28.
gxf5 exf5 29. Bxf6 Bxf6 30. Re2 Rcg8 31. Rfe1 Bg5 32. f4 Bh4 33. Qxh4 Rg1+ 34.
Rxg1 Rxg1+ 35. Kxg1 1-0

[Event "Women's Speed Chess Q3"]
[Site "chess.com INT"]
[Date "2021.05.30"]
[Round "19"]
[White "Varney, Zoe"]
[Black "Narva, Regina"]
[Result "1-0"]
[WhiteTitle "WCM"]
[BlackTitle "WFM"]
[WhiteElo "1917"]
[BlackElo "1901"]
[WhiteFideId "436135"]
[BlackFideId "4500237"]
[EventDate "2021.05.30"]

1. e4 d5 2. exd5 Qxd5 3. Nc3 Qa5 4. Nf3 Nf6 5. d4 Bg4 6. Be2 Nc6 7. Bd2 O-O-O 8.
O-O Qh5 9. h3 Bxh3 10. Ne5 Qh4 11. gxh3 Nxd4 12. Bg4+ e6 13. Nxf7 Nxg4 14. Qxg4
Qxg4+ 15. hxg4 Nf3+ 16. Kg2 Nxd2 17. Nxh8 Bd6 18. Nf7 Rf8 19. Nxd6+ cxd6 20.
Rfd1 Nf3 21. Rxd6 Kc7 22. Rd3 Ne5 23. Re3 Nxg4 24. Rxe6 Nxf2 25. Rf1 Kd7 26. Re2
Rf6 27. Rfxf2 Rg6+ 28. Kf1 h5 29. Rd2+ Kc6 30. Rh2 Rg5 31. Rdg2 Rf5+ 32. Rf2 Rg5
33. Ne4 Re5 34. Ng3 g6 35. c3 Kd5 36. Ne2 1-0

[Event "Women's Speed Chess Q3"]
[Site "chess.com INT"]
[Date "2021.05.30"]
[Round "19"]
[White "Vo, Thi Kim Phung"]
[Black "Kiolbasa, Oliwia"]
[Result "1/2-1/2"]
[WhiteTitle "WGM"]
[BlackTitle "WIM"]
[WhiteElo "2335"]
[BlackElo "2255"]
[WhiteFideId "12401838"]
[BlackFideId "1154613"]
[EventDate "2021.05.30"]

1. d4 Nf6 2. c4 b6 3. Nc3 Bb7 4. Bf4 d5 5. e3 e6 6. Nf3 Bd6 7. Bg3 O-O 8. Rc1 c5
9. Bxd6 Qxd6 10. cxd5 exd5 11. dxc5 bxc5 12. Be2 Nc6 13. Nb5 Qe7 14. Qc2 a6 15.
Na3 c4 16. O-O Nb4 17. Qf5 Nxa2 18. Rcd1 Nb4 19. Nd4 Rad8 20. h3 Nc6 21. Bf3 Ne4
22. Nxc6 Bxc6 23. Bxe4 dxe4 24. Nxc4 Bb5 25. Rc1 Rc8 26. Na3 Bxf1 27. Rxc8 Bd3
28. Rxf8+ Qxf8 29. Qd7 g6 30. Qd4 Qb8 31. Qc3 Qb6 32. Qe5 Qb3 33. Qe8+ Kg7 34.
Qe5+ Kg8 35. Qe8+ Kg7 36. Qe5+ Kg8 1/2-1/2

[Event "Women's Speed Chess Q3"]
[Site "chess.com INT"]
[Date "2021.05.30"]
[Round "19"]
[White "Tokhirjonova, Gulrukhbegim"]
[Black "Nurmanova, Alua"]
[Result "0-1"]
[WhiteTitle "WGM"]
[BlackTitle "WFM"]
[WhiteElo "2350"]
[BlackElo "2008"]
[WhiteFideId "14203626"]
[BlackFideId "13729390"]
[EventDate "2021.05.30"]

1. e4 c5 2. Nf3 d6 3. d4 cxd4 4. Nxd4 Nf6 5. Nc3 a6 6. h3 e6 7. g4 h6 8. Be3 g5
9. Qd2 Nbd7 10. Bg2 Ne5 11. b3 Qc7 12. O-O Ng6 13. Nce2 Be7 14. c4 h5 15. gxh5
Rxh5 16. Ng3 Rh8 17. Bxg5 Nh4 18. Bxh4 Rxh4 19. Rae1 Bd7 20. f4 O-O-O 21. e5 Nh5
22. Nxh5 Rxh5 23. Qe2 Rh4 24. Rc1 dxe5 25. Nf3 Rxf4 26. Nxe5 Bc5+ 27. Kh1 Rxf1+
28. Rxf1 Be8 29. Nd3 Bd4 30. Qe4 Bc6 31. Qe2 Bxg2+ 32. Qxg2 Rh8 33. Nf4 Qe5 34.
Ne2 Bc5 35. Rxf7 Qa1+ 36. Kh2 Bd6+ 37. Ng3 Bc7 38. Qd2 Rd8 39. Qg2 Qd1 40. h4
Rd2 41. Rf2 Rd3 42. Rf3 Rxf3 0-1

[Event "Women's Speed Chess Q3"]
[Site "chess.com INT"]
[Date "2021.05.30"]
[Round "19"]
[White "Li, Xueyi"]
[Black "Zaichenko, Daria"]
[Result "1-0"]
[WhiteTitle "WGM"]
[BlackTitle "WFM"]
[WhiteElo "2328"]
[BlackElo "2104"]
[WhiteFideId "8605912"]
[BlackFideId "4197453"]
[EventDate "2021.05.30"]

1. Nf3 Nf6 2. g3 d5 3. Bg2 e6 4. d4 Be7 5. c4 O-O 6. O-O dxc4 7. Qc2 Nbd7 8.
Qxc4 Nb6 9. Qc2 Bd7 10. Ne5 c6 11. Nxd7 Nfxd7 12. e4 f5 13. Qb3 Rf6 14. Bg5 Rg6
15. Bxe7 Qxe7 16. exf5 Rf6 17. Re1 Rxf5 18. Bh3 Rf6 19. Bxe6+ Kh8 20. Nd2 Raf8
21. f4 Qd6 22. Nf3 c5 23. Bxd7 Nxd7 24. dxc5 Qxc5+ 25. Qe3 Qc2 26. Rad1 Nb6 27.
Rd2 Qc6 28. Ne5 Qa4 29. Qd3 h6 30. Ng6+ Rxg6 31. Qxg6 Qxa2 32. Rde2 Qd5 33. Re8
Qc5+ 34. Kg2 Qd5+ 35. Qe4 1-0

[Event "Women's Speed Chess Q3"]
[Site "chess.com INT"]
[Date "2021.05.30"]
[Round "19"]
[White "Varshini, V"]
[Black "Makhija, Aashna"]
[Result "0-1"]
[WhiteTitle "WGM"]
[BlackTitle "WIM"]
[WhiteElo "2226"]
[BlackElo "1969"]
[WhiteFideId "5091241"]
[BlackFideId "25011944"]
[EventDate "2021.05.30"]

1. e4 e5 2. Nf3 Nc6 3. Bc4 Nf6 4. d3 Bc5 5. O-O O-O 6. Nc3 a5 7. Be3 Bxe3 8.
fxe3 d6 9. a3 Ne7 10. Nh4 c6 11. Ba2 Be6 12. Nf5 Bxf5 13. exf5 d5 14. e4 Qd7 15.
Qf3 Rfd8 16. Kh1 h5 17. Rad1 b5 18. h3 b4 19. Na4 Qa7 20. Bb3 Rab8 21. g4 hxg4
22. hxg4 dxe4 23. dxe4 Rd4 24. Rxd4 Qxd4 25. Re1 Rd8 26. axb4 axb4 27. Kg2 c5
28. Nb6 Qd2+ 29. Re2 Qc1 30. Qh3 Rd1 31. g5 Rg1+ 32. Kf3 Rf1+ 33. Kg2 Rg1+ 34.
Kf2 Ng4+ 35. Kf3 Qf4# 0-1

[Event "Women's Speed Chess Q3"]
[Site "chess.com INT"]
[Date "2021.05.30"]
[Round "19"]
[White "Zuriel, Marisa"]
[Black "Enkhtuul, Altan-Ulzii"]
[Result "0-1"]
[WhiteTitle "WIM"]
[BlackTitle "WGM"]
[WhiteElo "2203"]
[BlackElo "2228"]
[WhiteFideId "109142"]
[BlackFideId "4901444"]
[EventDate "2021.05.30"]

1. e4 Nf6 2. e5 Nd5 3. d4 d6 4. c4 Nb6 5. exd6 exd6 6. Nc3 Be7 7. Be3 O-O 8. Qf3
Nc6 9. O-O-O Bf6 10. h4 Na5 11. b3 Re8 12. Nh3 Be6 13. Ng5 d5 14. c5 Nd7 15. Bd3
Nf8 16. g4 Nc6 17. Bb1 h6 18. Nxe6 Rxe6 19. Nxd5 Bxh4 20. Nf4 Re8 21. Nh5 Bg5
22. Bc2 Nxd4 23. Rxd4 Qxd4 24. Kb1 Bxe3 25. fxe3 Rxe3 26. Qxb7 Rae8 27. Rd1 Re1
28. Kc1 Rxd1+ 29. Bxd1 Re1 30. Qf3 Re3 31. Qf5 Rc3+ 32. Bc2 Qe3+ 33. Kb1 Rxc5
34. Qc8 Qe1+ 35. Kb2 Qc3+ 36. Ka3 Qxc2 37. Nf6+ gxf6 0-1

[Event "Women's Speed Chess Q3"]
[Site "chess.com INT"]
[Date "2021.05.30"]
[Round "19"]
[White "Koridze, Lile"]
[Black "Eswaran, Ashritha"]
[Result "1-0"]
[WhiteTitle "WFM"]
[BlackTitle "WIM"]
[WhiteElo "2016"]
[BlackElo "2244"]
[WhiteFideId "13612514"]
[BlackFideId "2080788"]
[EventDate "2021.05.30"]

1. d4 Nf6 2. c4 e6 3. Nf3 d5 4. g3 Be7 5. Bg2 O-O 6. O-O b6 7. cxd5 exd5 8. Qc2
Bb7 9. Bf4 c5 10. Nc3 Nc6 11. Rad1 Bd6 12. Bg5 Nb4 13. Qb1 Re8 14. a3 Na6 15.
dxc5 Bxc5 16. Bxf6 Qxf6 17. Nxd5 Bxd5 18. Rxd5 Rad8 19. e4 Rxd5 20. exd5 Bd6 21.
Qd3 Nc5 22. Qb5 Kf8 23. b4 Ne4 24. Qd3 Qc3 25. Qa6 Re7 26. Nh4 g6 27. Qa4 Nd2
28. Rd1 Nf3+ 29. Nxf3 Re2 30. Qa6 Qb2 31. Rf1 Kg7 32. Qc8 Qxa3 33. Qd7 Qxb4 34.
Qc6 Re7 35. Qc1 a5 36. Qa1+ Kg8 37. Nd4 Be5 38. Nc6 Qe4 39. Nxe7+ 1-0

[Event "Women's Speed Chess Q3"]
[Site "chess.com INT"]
[Date "2021.05.30"]
[Round "19"]
[White "Sliwicka, Alicja"]
[Black "Cyfka, Karina"]
[Result "0-1"]
[WhiteTitle "WIM"]
[BlackTitle "IM"]
[WhiteElo "2346"]
[BlackElo "2415"]
[WhiteFideId "1150677"]
[BlackFideId "1122681"]
[EventDate "2021.05.30"]

1. e4 e5 2. Nc3 Nf6 3. Nf3 Nc6 4. a3 d5 5. Bb5 d4 6. Ne2 Bd6 7. Bxc6+ bxc6 8. d3
O-O 9. c3 c5 10. O-O h6 11. b4 Bg4 12. bxc5 Bxc5 13. Nxe5 Bxe2 14. Qxe2 dxc3 15.
Be3 Bd6 16. Nc4 Nd7 17. Rac1 f5 18. Rxc3 f4 19. Bd4 f3 20. Qd1 fxg2 21. Re1 Qh4
22. e5 Qxd4 23. Rc2 Nxe5 24. Nxe5 Bxe5 25. Re4 Qd6 26. Qg4 Bxh2+ 27. Kxg2 Be5
28. Rce2 Bf6 29. Re6 Qd5+ 30. R6e4 Rae8 31. Kh1 Rxe4 32. dxe4 Qd1+ 33. Kg2 Qd6
34. f4 Qe7 35. e5 Bh4 36. Kh3 Rd8 37. Re3 Bf2 38. Rf3 Bc5 39. Rg3 Bb6 40. e6 Rd4
41. Qg6 Rxf4 42. Rd3 Qh4+ 43. Kg2 Rg4+ 44. Qxg4 Qxg4+ 45. Rg3 Qxe6 0-1

[Event "Women's Speed Chess Q3"]
[Site "chess.com INT"]
[Date "2021.05.30"]
[Round "19"]
[White "Zakirova, Aisha"]
[Black "Komiagina, Maria"]
[Result "0-1"]
[WhiteTitle "WCM"]
[BlackTitle "WIM"]
[WhiteElo "1585"]
[BlackElo "2241"]
[WhiteFideId "13719734"]
[BlackFideId "4153987"]
[EventDate "2021.05.30"]

1. d4 g6 2. c4 Bg7 3. Nc3 d6 4. e4 Nd7 5. Nge2 e5 6. d5 Ne7 7. Ng3 O-O 8. h4 h6
9. Be2 f5 10. exf5 gxf5 11. Nh5 Qe8 12. Nxg7 Kxg7 13. Bh5 Ng6 14. Bd2 Nf6 15.
Bxg6 Qxg6 16. Qe2 Bd7 17. O-O-O a6 18. h5 Qh7 19. Rdg1 Kh8 20. Qe3 f4 21. Qe2
Bf5 22. g3 Bd3 23. Qd1 fxg3 24. Rxg3 Rg8 25. Rhg1 Rxg3 26. Rxg3 Bf5 27. Qg1 Nxh5
28. Rg2 Nf4 29. Bxf4 exf4 30. Qh2 Re8 31. Rg1 b5 32. Qxf4 b4 33. Rh1 Kg7 34.
Qg3+ Bg6 35. Nd1 Re5 36. Ne3 Rg5 37. Qf4 Bb1 0-1

[Event "Women's Speed Chess Q3"]
[Site "chess.com INT"]
[Date "2021.05.30"]
[Round "19"]
[White "Padmini, Rout"]
[Black "Assaubayeva, Bibisara"]
[Result "0-1"]
[WhiteTitle "IM"]
[BlackTitle "IM"]
[WhiteElo "2370"]
[BlackElo "2381"]
[WhiteFideId "5029295"]
[BlackFideId "13708694"]
[EventDate "2021.05.30"]

1. e4 e5 2. Nf3 Nc6 3. Bc4 Bc5 4. O-O Nf6 5. d3 O-O 6. c3 h6 7. b4 Bb6 8. a4 a6
9. Qb3 d6 10. Nbd2 Qe7 11. h3 Re8 12. Re1 Be6 13. a5 Ba7 14. Nf1 Rad8 15. Ne3
Bxc4 16. Qxc4 Qe6 17. Nd5 Rc8 18. Be3 Bxe3 19. fxe3 Ne7 20. Nxe7+ Rxe7 21. Qxe6
Rxe6 22. c4 c6 23. Rab1 Re7 24. Nd2 d5 25. exd5 cxd5 26. c5 Nd7 27. d4 Nb8 28.
b5 axb5 29. Rxb5 exd4 30. Kf2 Rce8 31. Nf1 Nc6 32. Kf3 Ne5+ 33. Kg3 Nc4 34. Rd1
dxe3 35. Re1 e2 36. Nh2 d4 37. Nf3 d3 38. Rb3 d2 39. Nxd2 Nxd2 40. c6 Nxb3 41.
cxb7 Rxb7 42. a6 Ra7 43. Kf2 Rxa6 44. Rxe2 Rf6+ 45. Ke1 Rxe2+ 46. Kxe2 Nd4+ 47.
Ke3 Nf5+ 48. Ke4 Kf8 49. g4 Nd6+ 50. Kd5 Ke7 51. Kc6 Ne4+ 52. Kd5 Nf2 53. h4
Nxg4 54. h5 Rf5+ 0-1

[Event "Women's Speed Chess Q3"]
[Site "chess.com INT"]
[Date "2021.05.30"]
[Round "19"]
[White "Narva, Mai"]
[Black "Soumya, Swaminathan"]
[Result "1-0"]
[WhiteTitle "WIM"]
[BlackTitle "IM"]
[WhiteElo "2276"]
[BlackElo "2351"]
[WhiteFideId "4500512"]
[BlackFideId "5016193"]
[EventDate "2021.05.30"]

1. e4 g6 2. d4 Bg7 3. Nc3 d6 4. Nf3 a6 5. Be3 b5 6. Qd2 Bb7 7. a3 Nd7 8. Bd3 Rc8
9. h4 h5 10. O-O-O c5 11. dxc5 Nxc5 12. Nd4 Nf6 13. f3 e5 14. Nde2 Nfd7 15. Bg5
Qb6 16. Kb1 b4 17. axb4 Qxb4 18. Nd5 Qxd2 19. Rxd2 Bxd5 20. exd5 Nb6 21. Nc3 f5
22. Be3 Kf7 23. Bxc5 Rxc5 24. Bxa6 Ra8 25. Be2 Rca5 26. Kc1 Bh6 27. g4 Ra1+ 28.
Nb1 Bxd2+ 29. Kxd2 R1a2 30. b3 R2a5 31. Nc3 Rc5 32. Bd3 Rac8 33. Nb5 Rxd5 34.
gxf5 gxf5 35. Ke3 f4+ 36. Ke2 Kf6 37. Rg1 Rdc5 38. Nxd6 Nd5 39. Nxc8 Rxc8 40.
Rg6+ Kf7 41. Rg5 Nc3+ 42. Kd2 Nb1+ 43. Ke1 Nc3 44. Rxe5 Kf6 45. Rxh5 Re8+ 46.
Kf2 Nd1+ 47. Kg1 Re1+ 48. Kg2 Ne3+ 49. Kf2 Rh1 50. Rh8 Nd1+ 51. Ke2 Ne3 52. Kd2 1-0

[Event "Women's Speed Chess Q3"]
[Site "chess.com INT"]
[Date "2021.05.30"]
[Round "19"]
[White "Priyanka, K"]
[Black "Ulziikhishigjargal, Ochirkhuyag"]
[Result "0-1"]
[WhiteTitle "WIM"]
[BlackTitle "FM"]
[WhiteElo "2218"]
[BlackElo "2020"]
[WhiteFideId "5082986"]
[BlackFideId "4903188"]
[EventDate "2021.05.30"]

1. e4 Nf6 2. e5 Nd5 3. d4 Nb6 4. c4 d5 5. exd6 exd6 6. Nc3 Be7 7. Be3 O-O 8. Bd3
Nc6 9. Nge2 Bf6 10. O-O Bg4 11. f3 Bh5 12. Rc1 Bg6 13. b3 Re8 14. Bf2 d5 15. c5
Nc8 16. a3 N8e7 17. b4 Nf5 18. b5 Nce7 19. Nf4 c6 20. a4 Qc7 21. Re1 Qxf4 22.
Bxf5 Nxf5 23. g3 Rxe1+ 24. Bxe1 Qxd4+ 25. Qxd4 Bxd4+ 26. Bf2 Bxf2+ 27. Kxf2 Re8
28. g4 Nd4 29. Rd1 Nb3 30. bxc6 bxc6 31. Re1 Rxe1 32. Kxe1 Nxc5 33. Kd2 d4 34.
Ne2 d3 35. Nf4 Nxa4 36. Nxd3 Bxd3 37. Kxd3 Nb6 38. Kd4 a5 39. Kc5 a4 40. Kb4 c5+
41. Ka3 c4 42. Kb4 g5 43. h3 h6 44. Kc3 a3 45. Kc2 Na4 46. Kb1 Nc5 47. Kc2 Nd3
48. Kb1 Ne5 49. Kc2 Nxf3 50. Kb1 Ng1 51. Kc2 Nxh3 52. Kb1 Nf2 53. Ka2 Nxg4 54.
Kxa3 Ne5 55. Kb4 f6 56. Kc3 Kf7 57. Kd4 Ke6 58. Ke3 f5 59. Kd4 h5 0-1

[Event "Women's Speed Chess Q3"]
[Site "chess.com INT"]
[Date "2021.05.30"]
[Round "19"]
[White "Pourkashiyan, Atousa"]
[Black "Szente Varga, Fruzsina"]
[Result "1-0"]
[WhiteTitle "WGM"]
[BlackTitle "WFM"]
[WhiteElo "2322"]
[BlackElo "2100"]
[WhiteFideId "12502014"]
[BlackFideId "712264"]
[EventDate "2021.05.30"]

1. e4 Nf6 2. e5 Nd5 3. d4 d6 4. Nf3 g6 5. Be2 Bg7 6. O-O O-O 7. c4 Nb6 8. Nc3
Nc6 9. exd6 cxd6 10. Be3 Bg4 11. b3 Rc8 12. Rc1 e5 13. d5 Ne7 14. Nd2 Bxe2 15.
Qxe2 f5 16. f4 Nd7 17. Nf3 b6 18. Ng5 Qe8 19. Ne6 Rf7 20. Nxg7 Kxg7 21. fxe5
dxe5 22. Bg5 h6 23. Bd2 f4 24. Ne4 Nf5 25. Bc3 Qe7 26. Rxf4 Nc5 27. Nxc5 Qxc5+
28. Kh1 Kh7 29. Bxe5 Re8 30. Re4 Rfe7 31. Re1 Qc8 32. Qf3 Qd7 33. g3 Qb7 34. Bf4
b5 35. Rxe7+ Rxe7 36. Rxe7+ Qxe7 37. Kg2 bxc4 38. bxc4 Qb4 39. Qe2 g5 40. Bc1
Kg6 41. Qe6+ Kg7 42. Qxf5 Qxc4 43. Bb2+ Kg8 44. Qg6+ Kf8 45. Ba3+ 1-0

[Event "Women's Speed Chess Q3"]
[Site "chess.com INT"]
[Date "2021.05.30"]
[Round "19"]
[White "Morris-Suzuki, Sophie"]
[Black "Zhuravleva, Olga"]
[Result "0-1"]
[WhiteTitle "WFM"]
[BlackTitle "WIM"]
[WhiteElo "2043"]
[BlackElo "2278"]
[WhiteFideId "30922615"]
[BlackFideId "4145933"]
[EventDate "2021.05.30"]

1. e4 e5 2. Nc3 Nf6 3. f4 d5 4. fxe5 Nxe4 5. d3 Nc5 6. Nf3 Bg4 7. Bf4 d4 8. Nb1
Nc6 9. Be2 Ne6 10. Bg3 Qd5 11. Nbd2 Bf5 12. O-O O-O-O 13. Nh4 Bg6 14. Bf3 Qd7
15. Nxg6 hxg6 16. a4 Be7 17. a5 a6 18. Nc4 f5 19. exf6 gxf6 20. Rb1 Ng5 21. Be2
f5 22. b4 Na7 23. Ne5 Qd5 24. h4 Nf7 25. Bf3 Qe6 26. Re1 Nxe5 27. Rxe5 Qd7 28.
Rd5 Qa4 29. c3 Qxd1+ 30. Rxd1 Rxd5 31. Bxd5 dxc3 32. Be5 Rd8 33. Bf7 Nb5 34.
Bxg6 Bxb4 35. Bxf5+ Kb8 36. d4 Bxa5 37. d5 Bb6+ 38. Kh2 a5 39. h5 a4 40. Bc2 a3
41. h6 Bc5 42. h7 Bd6 43. Re1 Bxe5+ 44. Rxe5 Nd6 45. Rh5 Rh8 46. Rh3 a2 47. Rg3
Nf7 0-1

[Event "Women's Speed Chess Q3"]
[Site "chess.com INT"]
[Date "2021.05.30"]
[Round "19"]
[White "Dordzhieva, Dinara"]
[Black "Perez Rodriguez, Jennifer"]
[Result "1-0"]
[WhiteTitle "WGM"]
[BlackTitle "WIM"]
[WhiteElo "2334"]
[BlackElo "2251"]
[WhiteFideId "24157570"]
[BlackFideId "3507831"]
[EventDate "2021.05.30"]

1. Nf3 d5 2. c4 c6 3. g3 Bf5 4. Bg2 e6 5. Nc3 Nf6 6. O-O h6 7. cxd5 exd5 8. d3
Be7 9. Qc2 O-O 10. e4 dxe4 11. dxe4 Bg4 12. h3 Bh5 13. Re1 Re8 14. Nh4 Nbd7 15.
g4 Bg6 16. Nxg6 fxg6 17. e5 Nh7 18. Qxg6 Bc5 19. Bxh6 Qe7 20. Be3 Nhf8 21. Qc2
Nxe5 22. Bxc5 Qxc5 23. Qb3+ Qc4 24. Qxb7 Nd3 25. Rxe8 Rxe8 26. Qxc6 Qxc6 27.
Bxc6 Rd8 28. Bd5+ Kh7 29. b3 Kh6 30. Rd1 Nf4 31. Be4 Nxh3+ 32. Kg2 Nf4+ 33. Kf3
Rxd1 34. Nxd1 N4e6 35. Nc3 Kg5 36. Nb5 a6 37. Nd6 Nd7 38. Kg3 Ne5 39. f4+ Nxf4
40. Bd5 Nxd5 41. Ne4+ Kg6 42. Nc5 Nc7 43. Kf4 Nd3+ 44. Nxd3 Kf6 45. Nc5 Ke7 46.
Ke5 Nb5 47. Nxa6 Nc3 48. Nb4 Kd7 49. a4 Kc7 50. Kd4 Ne2+ 51. Kc4 Nf4 52. Nd5+
Nxd5 53. Kxd5 1-0

[Event "Women's Speed Chess Q3"]
[Site "chess.com INT"]
[Date "2021.05.30"]
[Round "19"]
[White "Buksa, Nataliya"]
[Black "Marjanovic, Annamaria"]
[Result "1-0"]
[WhiteTitle "IM"]
[BlackTitle "WGM"]
[WhiteElo "2414"]
[BlackElo "2338"]
[WhiteFideId "14123622"]
[BlackFideId "750930"]
[EventDate "2021.05.30"]

1. d4 Nf6 2. Nc3 d5 3. Bf4 c6 4. e3 g6 5. Nf3 Bg7 6. h4 Bg4 7. Be2 h5 8. Ne5
Bxe2 9. Qxe2 Nbd7 10. O-O-O Qa5 11. Kb1 Nxe5 12. Bxe5 O-O-O 13. Rh3 Rhg8 14. e4
dxe4 15. Rc1 Ng4 16. Bxg7 Rxg7 17. f3 Nf6 18. fxe4 Rxd4 19. e5 Nd5 20. Nxd5 Qxd5
21. Rf3 e6 22. a3 Rd2 23. Qf1 Qd7 24. Qg1 b6 25. Qe3 Rd5 26. g4 hxg4 27. Rg3 Rd4
28. Rcg1 Rd1+ 29. Rxd1 Qxd1+ 30. Ka2 Rg8 31. Qf4 Rf8 32. Rxg4 Qxc2 33. Qd4 Rd8
34. Qb4 Rd7 35. Rc4 Qg2 36. Qf8+ Kb7 37. Qe8 Qd5 38. b3 Qd2+ 39. Kb1 Qd3+ 40.
Kb2 Qe2+ 41. Rc2 Qxe5+ 42. Ka2 Rd1 43. Qxc6+ Ka6 44. Qc8+ Ka5 45. b4+ Kb5 46.
Qc4+ Ka4 47. Qa6+ Qa5 48. bxa5 b5 49. Qc6 Rd4 50. Qc3 Rc4 51. Qb3+ Kxa5 52. Rxc4
bxc4 53. Qxc4 Kb6 54. Qf4 e5 55. Qxe5 1-0

[Event "Women's Speed Chess Q3"]
[Site "chess.com INT"]
[Date "2021.05.30"]
[Round "19"]
[White "Kulkarni, Bhakti"]
[Black "Nguyen, Thi Mai Hung"]
[Result "0-1"]
[WhiteTitle "IM"]
[BlackTitle "WGM"]
[WhiteElo "2391"]
[BlackElo "2254"]
[WhiteFideId "5019516"]
[BlackFideId "12401676"]
[EventDate "2021.05.30"]

1. Nf3 d5 2. c4 c6 3. d4 Nf6 4. e3 e6 5. b3 Bb4+ 6. Nbd2 Ne4 7. Bd3 Qa5 8. O-O
Nc3 9. Qc2 dxc4 10. bxc4 h6 11. a3 Be7 12. Nb3 Qh5 13. Qxc3 Nd7 14. Bb2 Nf6 15.
d5 cxd5 16. cxd5 exd5 17. Bb5+ Kf8 18. Qe5 Be6 19. Qxh5 Nxh5 20. Nfd4 a6 21.
Nxe6+ fxe6 22. Bd3 Nf6 23. Rac1 Kf7 24. Rc7 Rab8 25. Rfc1 Rhd8 26. Be5 b5 27.
Nd4 Rb6 28. Nc6 Rd7 29. Rxd7 Nxd7 30. Nxe7 Nxe5 31. Nc8 Rb8 32. Be2 Nc4 33. Bxc4
Rxc8 34. Rd1 bxc4 35. Rb1 Rc6 36. Kf1 Kf6 37. Ke2 Rc5 38. Kd2 Rb5 39. Rc1 Rb3
40. a4 Rb2+ 41. Rc2 Rxc2+ 42. Kxc2 a5 43. Kc3 e5 44. f3 Kf5 45. g4+ Kg5 46. e4
d4+ 47. Kxc4 Kf4 48. Kb5 d3 49. Kxa5 d2 50. Kb6 d1=Q 51. a5 Qxf3 52. a6 Qxe4 53.
a7 Qa8 0-1

[Event "Women's Speed Chess Q3"]
[Site "chess.com INT"]
[Date "2021.05.30"]
[Round "19"]
[White "Ziegenfuss, Antonia"]
[Black "Grigoryan, Meri"]
[Result "1/2-1/2"]
[WhiteTitle "WFM"]
[BlackTitle "WFM"]
[WhiteElo "2157"]
[BlackElo "2044"]
[WhiteFideId "12962554"]
[BlackFideId "13300571"]
[EventDate "2021.05.30"]

1. d4 d5 2. c4 e5 3. dxe5 d4 4. Nf3 Nc6 5. a3 a5 6. Nbd2 Nge7 7. Nb3 Ng6 8.
Nbxd4 Ngxe5 9. Nxe5 Nxe5 10. e3 c5 11. Nb5 Qxd1+ 12. Kxd1 Bg4+ 13. f3 O-O-O+ 14.
Kc2 Nxf3 15. gxf3 Bxf3 16. Bh3+ Kb8 17. Re1 Be4+ 18. Kb3 a4+ 19. Ka2 Bc2 20. e4
Bb3+ 21. Kb1 Rd3 22. Bf4+ Ka8 23. Bf1 Rf3 24. Be3 g6 25. Kc1 Be7 26. Nc3 Rd8 27.
Nd5 Bh4 28. Kd2 Bxe1+ 29. Rxe1 f5 30. Bg2 Rxe3 31. Kxe3 Bxc4 32. Nc3 Rd3+ 33.
Kf2 Rd2+ 34. Kg1 Rxb2 35. exf5 gxf5 36. Re8+ Ka7 37. Re7 Rc2 38. Rxb7+ Ka6 39.
Nxa4 Rxg2+ 40. Kxg2 Kxb7 41. Nxc5+ Kc6 42. Na4 Kb5 43. Nb2 Bd5+ 44. Kf2 Kc5 45.
Ke3 Bb3 46. Kf4 Kd4 47. Kxf5 Kc3 48. a4 Kxb2 49. a5 Bc2+ 50. Kg5 Bd3 51. Kh6 Kc3
52. a6 Kb4 53. h4 Ka5 54. a7 Be4 55. a8=Q+ Bxa8 56. Kxh7 Be4+ 57. Kg7 Kb6 58. h5
Kc6 59. h6 Kd5 60. h7 Bxh7 1/2-1/2